书目信息 |
| 题名: |
女人都想要的睡眠圣经
|
|
| 作者: | 友野尚 著 | |
| 分册: | ||
| 出版信息: | 南昌 江西科学技术出版社 2020.12 |
|
| 页数: | 221页 | |
| 开本: | 26cm | |
| 丛书名: | ||
| 单 册: | ||
| 中图分类: | R338.63 | |
| 科图分类: | ||
| 主题词: | 女性--睡眠--基本知识 | |
| 电子资源: | ||
| ISBN: | 978-7-5390-6436-9 | |
| 000 | 01056nam 2200241 45 | |
| 001 | 012001001377 | |
| 005 | 20140820171322.0 | |
| 010 | @a978-7-5390-6436-9@dCNY48.00 | |
| 099 | @aCAL 012019002325 | |
| 100 | @a20181106d2018 em y0chiy0110 ea | |
| 101 | 1 | @achi@cjpn |
| 102 | @aCN@b360000 | |
| 105 | @ay z 000yy | |
| 106 | @ar | |
| 200 | 1 | @a女人都想要的睡眠圣经@Anv ren dou xiang yao de shui mian sheng jing@f(日) 友野尚著 |
| 210 | @a南昌@c江西科学技术出版社@d2020.12 | |
| 215 | @a221页@d26cm | |
| 330 | @a好睡眠,对于每个女人来说都很重要。好睡眠,不仅可以让你拥有健康的体魄、稳定的心态,对强健身体、提高工作效率等都有意想不到的效果。睡得好,才能活得好!本书作者为专业睡眠顾问,在书中,她反复强调了高质量的睡眠是让生活效率更高、让精神状态更好的关键,并详细讲述了如何找到适合自己的睡眠时间,如何睡出美丽、睡出健康以及如何通过运动、睡眠环境、寝具等方面的调整来保障高质量的睡眠。 | |
| 606 | 0 | @a女性@x睡眠@x基本知识 |
| 690 | @aR338.63@v5 | |
| 701 | 0 | @a友野尚@Ayou ye shang@4著 |
| 801 | @aCN@bAHXH@c20210922 | |
| 905 | @b1248425-9@dR338.63@e362@f5 | |
| 女人都想要的睡眠圣经/(日) 友野尚著.-南昌:江西科学技术出版社,2020.12 |
| 221页;26cm |
| ISBN 978-7-5390-6436-9:CNY48.00 |
| 好睡眠,对于每个女人来说都很重要。好睡眠,不仅可以让你拥有健康的体魄、稳定的心态,对强健身体、提高工作效率等都有意想不到的效果。睡得好,才能活得好!本书作者为专业睡眠顾问,在书中,她反复强调了高质量的睡眠是让生活效率更高、让精神状态更好的关键,并详细讲述了如何找到适合自己的睡眠时间,如何睡出美丽、睡出健康以及如何通过运动、睡眠环境、寝具等方面的调整来保障高质量的睡眠。 |
| ● |
| 相关链接 |
|
|
|
|
正题名:女人都想要的睡眠圣经
索取号:R338.63/362
 
预约/预借
| 序号 | 登录号 | 条形码 | 馆藏地/架位号 | 状态 | 备注 |
| 1 | 1248425 | 212484257 | 第二样本阅览室/ [索取号:R338.63/362] | 在馆 | |
| 2 | 1248426 | 212484266 | 教育系资料室/ [索取号:R338.63/362] | 在馆 | |
| 3 | 1248427 | 212484275 | 教育系资料室/ [索取号:R338.63/362] | 在馆 | |
| 4 | 1248428 | 212484284 | 第三借阅区/ [索取号:R338.63/362] | 在馆 | |
| 5 | 1248429 | 212484293 | 第三借阅区/ [索取号:R338.63/362] | 在馆 |